000 02548nam a22005417a 4500
003 CHAP
005 20220329135721.0
008 971013s r 00010 d
010 _a41055
011 _a42027
035 _a46154
040 _cCHAP
082 _a636.0842
_bM6
100 0 0 _aMott, Gerald O.
_979105
245 _aInterpretación correcta de resultados con animales en experimentos de pastoreo
260 _a(s.l. :
_bs.e.),
_c(s.a.)
300 _a47 p
500 _aTomado de: Paladines, O.L. ed. Empleo de animales en las investigacines sobre Pasturas. Montevideo, IICA. Centro de Investigación y Enseñanza para la Zona Templada, 1966
590 _aBATCH-UPD
_b10
_c20130110
_lUCH01
_h1837
590 _aCONVERSION
_b10
_c20130109
_lUCH01
_h1323
650 1 4 _aPastoreo.
_985984
901 _aBK
942 _cLIBRO
949 _a636.0842 M6
_bBC
_cBPA
_d-154437
_eBPA
_fc.8
_i46154
_si
949 _a636.0842 M6
_bBC
_cBPA
_d-154438
_eBPA
_fc.9
_i46154
_si
949 _a636.0842 M6
_bBC
_cBPA
_d-154439
_eBPA
_fc.10
_i46154
_si
949 _a636.0842 M6
_bBC
_cBPA
_d-154440
_eBPA
_fc.11
_i46154
_si
949 _a636.0842 M6
_bBC
_cBPA
_d-154441
_eBPA
_fc.12
_i46154
_si
949 _a636.0842 M6
_bBC
_cBPA
_d-154442
_eBPA
_fc.13
_i46154
_si
949 _a636.0842 M6
_bBC
_cBPA
_d-154443
_eBPA
_fc.15
_i46154
_si
949 _a636.0842 M6
_bBC
_cBPA
_d-154444
_eBPA
_fc.14
_i46154
_si
949 _a636.0842 M6
_bBC
_cBPA
_d-154445
_eBPA
_fc.17
_i46154
_si
949 _a636.0842 M6
_bBC
_cBPA
_d-154446
_eBPA
_fc.18
_i46154
_si
949 _a636.0842 M6
_bBC
_cBPA
_d-154447
_eBPA
_fc.19
_i46154
_si
949 _a636.0842 M6
_bBC
_cBPA
_d-154448
_eBPA
_fc.20
_i46154
_si
949 _a636.0842 M6
_bBC
_cBPA
_d-154449
_eBPA
_fc.21
_i46154
_si
949 _a636.0842 M6
_bBC
_cBPA
_d-154450
_eBPA
_fc.22
_i46154
_si
949 _a636.0842 M6
_bBC
_cBPA
_d-154451
_eBPA
_fc.23
_i46154
_si
949 _a636.0842 M6
_bBC
_cBPA
_d-154452
_eBPA
_fc.24
_i46154
_si
949 _a636.0842 M6
_bBC
_cBPA
_d-154455
_eBPA
_fc.16
_i46154
_si
949 _a636.0842 M6
_bBC
_cLIBRO
_d33724000273454
_eLIBRO
_fc.2
_h90536
_i46154
_si
949 _a636.0842 M6
_bBC
_cLIBRO
_d33724000273462
_eLIBRO
_fc.3
_h90537
_i46154
_si
949 _a636.0842 M6
_bBC
_cLIBRO
_d33724000273470
_eLIBRO
_i46154
_si
949 _a636.0842 M6
_bBC
_cLIBRO
_d33724000273488
_eLIBRO
_fc.7
_h90541
_i46154
_si
949 _a636.0842 M6
_bBC
_cLIBRO
_d33724000273496
_eLIBRO
_fc.4
_h90538
_i46154
_si
949 _a636.0842 M6
_bBC
_cLIBRO
_d33724000273504
_eLIBRO
_fc.5
_h90539
_i46154
_si
949 _a636.0842 M6
_bBC
_cLIBRO
_d33724000273553
_eLIBRO
_fc.6
_h90540
_i46154
_si
999 _c41055
_d41055